[Event "Titled Tuesday intern op 25th Feb Early"]
[Site "Chess.com INT"]
[Date "2025.02.25"]
[Round "9"]
[White "Zhu, Jiner"]
[Black "Kshatriya, Nitin Vekhande"]
[Result "1-0"]
[WhiteElo "2514"]
[BlackElo "2133"]
[PlyCount "143"]
[EventDate "2025.02.25"]
[EventType "swiss (blitz)"]
[EventRounds "11"]
[EventCountry "USA"]
[SourceTitle "CB10_2025"]
[SourceDate "2025.03.05"]
[SourceVersion "1"]
[SourceVersionDate "2025.03.05"]
[SourceQuality "1"]

1. Nf3 Nf6 2. b3 g6 3. Bb2 Bg7 4. c4 0-0 5. g3 d6 6. Bg2 Nbd7 7. 0-0 e5 8. d3 Re8 9. Nc3 h5 10. b4 Nf8 11. e3 N8h7 12. Rc1 g5 13. d4 e4 14. Nd2 Bf5 15. Qc2 Qe7 16. c5 d5 17. b5 g4 18. c6 b6 19. Qb3 Qe6 20. Rfd1 Ng5 21. Kf1 h4 22. gxh4 Ngh7 23. Ke2 Red8 24. Rh1 Nf8 25. Kd1 Ng6 26. Ne2 Nh5 27. Kc2 Nxh4 28. Rhg1 a6 29. a4 Nf3 30. Rgd1 axb5 31. axb5 Ra5 32. Nc3 Bxd4 33. Ra1 Rda8 34. Rxa5 Rxa5 35. Qxd5 Qxd5 36. Nxd5 Bxb2 37. Ne7+ Kf8 38. Nxf5 Rxb5 39. Nxf3 Rxf5 40. Nh4 Rb5 41. Bxe4 Bf6 42. Nf5 Re5 43. Bd3 Rc5+ 44. Kd2 Rxc6 45. Ke2 Rc5 46. Rg1 Ng7 47. Nh6 Ne6 48. Nxg4 Bg7 49. h4 Ra5 50. Kf3 Nc5 51. Bf5 Nb3 52. Bd3 Nd2+ 53. Ke2 Ra2 54. f4 Ne4+ 55. Kf3 Nd2+ 56. Kg3 c5 57. Rd1 Rb2 58. Bf5 c4 59. h5 c3 60. h6 Bh8 61. Ra1 Ke7 62. Ra8 Nf1+ 63. Kf3 Nd2+ 64. Kg3 Nf1+ 65. Kh3 c2 66. Rc8 c1Q 67. Rxc1 Nxe3 68. Nxe3 Rb3 69. Re1 Bd4 70. h7 Kd6 71. Kg4 Bxe3 72. h8Q 1-0